[Event "Marseille op 4th"]
[Site "Marseille"]
[Date "2011.12.29"]
[Round "7"]
[White "Jehan, Julien"]
[Black "Brest, Jean Francois"]
[Result "1/2-1/2"]
[WhiteElo "1868"]
[BlackElo "2024"]
[PlyCount "118"]
[EventDate "2011.12.26"]
[EventType "swiss"]
[EventRounds "9"]
[EventCountry "FRA"]
[SourceTitle "CBM 146 Extra"]
[Source "ChessBase"]
[SourceDate "2012.02.29"]
[SourceVersion "1"]
[SourceVersionDate "2012.02.29"]
[SourceQuality "1"]

1. d4 d5 2. Nf3 Nf6 3. c4 c6 4. e3 e6 5. Nc3 Nbd7 6. Qc2 Bd6 7. Bd3 dxc4 8. Bxc4 b5 9. Bd3 Bb7 10. 0-0 0-0 11. e4 e5 12. dxe5 Nxe5 13. Nxe5 Bxe5 14. h3 a6 15. Be3 Bd4 16. Bxd4 Qxd4 17. Ne2 Qd6 18. Rfd1 Qc7 19. b4 Nd7 20. Rac1 g6 21. Nd4 Ne5 22. Nb3 Bc8 23. Na5 Be6 24. Nxc6 Nxd3 25. Qxd3 Bxa2 26. Qd6 Qxd6 27. Rxd6 Rfe8 28. f3 Re6 29. Rxe6 Bxe6 30. Ra1 Kf8 31. Kf2 Ke8 32. Ke3 Kd7 33. Ne5+ Kc7 34. Nd3 Kb6 35. Ra5 Rc8 36. Ra3 Rc2 37. Nc5 Bc8 38. g4 Rh2 39. Kd4 Rxh3 40. Ke5 a5 41. Rxa5 Rxf3 42. g5 Rg3 43. Kf6 Rf3+ 44. Ke5 Rg3 45. Kf6 Rf3+ 46. Ke5 Rf2 47. Ra8 Bg4 48. Ra6+ Kc7 49. Rf6 Rb2 50. Rxf7+ Kc6 51. Rf6+ Kc7 52. Rf4 Bc8 53. Rf7+ Kb6 54. Rf8 Bg4 55. Rb8+ Kc6 56. Na6 Ra2 57. Nc5 Rb2 58. Na6 Ra2 59. Nc5 Rb2 1/2-1/2

[Event "Marseille op 4th"]
[Site "Marseille"]
[Date "2011.12.28"]
[Round "5"]
[White "Jehan, Julien"]
[Black "Bekhouche, Erick"]
[Result "1-0"]
[WhiteElo "1868"]
[BlackElo "1663"]
[PlyCount "91"]
[EventDate "2011.12.26"]
[EventType "swiss"]
[EventRounds "9"]
[EventCountry "FRA"]
[SourceTitle "CBM 146 Extra"]
[Source "ChessBase"]
[SourceDate "2012.02.29"]
[SourceVersion "1"]
[SourceVersionDate "2012.02.29"]
[SourceQuality "1"]

1. d4 d5 2. c4 e6 3. Nc3 c6 4. e3 Bd6 5. Nf3 f5 6. Ne5 Nf6 7. Be2 0-0 8. 0-0 b6 9. b3 Ne4 10. Qc2 Qe7 11. a4 Bb7 12. f3 Nxc3 13. Qxc3 Nd7 14. Bd2 c5 15. a5 cxd4 16. exd4 Rad8 17. axb6 Nxe5 18. dxe5 Bc5+ 19. Kh1 d4 20. Qd3 Bxb6 21. b4 Bc7 22. f4 Be4 23. Qb3 d3 24. Bf3 Bb8 25. Rae1 Qb7 26. Bxe4 fxe4 27. c5 Qd5 28. Qxd5 Rxd5 29. Rxe4 Rxe5 30. Rxe5 Bxe5 31. Rf3 Bd4 32. Rxd3 e5 33. g3 Re8 34. fxe5 Bxe5 35. Kg2 Kf7 36. Rd7+ Re7 37. Rxe7+ Kxe7 38. Kf3 Kd7 39. Ke4 Bb2 40. Kd5 Kc8 41. Kc6 Bd4 42. b5 Be5 43. Bf4 Bxf4 44. gxf4 h6 45. f5 h5 46. h4 1-0

[Event "Marseille op 4th"]
[Site "Marseille"]
[Date "2011.12.27"]
[Round "4"]
[White "Enchev, Ivajlo"]
[Black "Jehan, Julien"]
[Result "1-0"]
[WhiteElo "2424"]
[BlackElo "1868"]
[PlyCount "71"]
[EventDate "2011.12.26"]
[EventType "swiss"]
[EventRounds "9"]
[EventCountry "FRA"]
[SourceTitle "CBM 146 Extra"]
[Source "ChessBase"]
[SourceDate "2012.02.29"]
[SourceVersion "1"]
[SourceVersionDate "2012.02.29"]
[SourceQuality "1"]

1. d4 Nf6 2. c4 e6 3. Nc3 Bb4 4. Qc2 d5 5. cxd5 exd5 6. Bg5 h6 7. Bxf6 Qxf6 8. a3 Bxc3+ 9. Qxc3 c6 10. e3 Bf5 11. Nf3 Nd7 12. b4 0-0 13. Be2 a6 14. a4 Be4 15. 0-0 Qd6 16. Nd2 Bg6 17. Rfc1 Rfc8 18. Qb3 f5 19. f4 Bf7 20. Bd3 Qe6 21. Re1 Bh5 22. Nc4 Kh8 23. Ne5 Nxe5 24. fxe5 Rf8 25. Rf1 Rf7 26. Ra2 Raf8 27. Raf2 Bg6 28. Qc2 Kh7 29. Rf4 Qe7 30. g4 Qg5 31. Qf2 Kg8 32. h4 Qe7 33. gxf5 Bh5 34. Qd2 g5 35. f6 Qd7 36. hxg5 1-0